000 00790nam a22002537a 4500
001 27746
003 BD-RjUL
005 20211209051209.0
008 140327b1976 u ||||| |||| 001 0 eng d
035 _a(BD-RjUL)27825
040 _aBD-RjUL
_beng
_cBD-RjUL
041 _aeng
082 _a016.592
_bZOO 1976
110 1 _aZoological Society of London
_9219686
245 1 0 _aVermes /
_cCompiled by Zoological Society of London ; editor: H. Gwynne Vevers
246 _aThe Zoological Record: Volume 110: 1973
260 _aLondon :
_bzoological society of London,
_c1976
300 _a v. ;
_c32 cm.
504 _aincludes index
505 1 _aVol. 110, Pt-B(Section 6) --
650 _aZoology
_vBibliography
_9219687
700 _aVevers, H. Gwynne, ed.
_9219688
942 _2ddc
_cREF
999 _c27746
_d27746